【駅名読み問題】「た」or「だ」? - Statistics

General Stats
  • This quiz has been taken 56 times
  • The average score is 61 of 100
Answer Stats
Question Answer % Correct
有田(JR佐世保線/佐賀県) ありた
88%
梶田(JR福塩線/広島県) かじた
87%
植田(JR常磐線/福島県) うえだ
85%
小山田(JR釜石線/岩手県) おやまだ
85%
牛田(東武伊勢崎線/東京都) うしだ
83%
島田(JR東海道本線/静岡県) しまだ
83%
堺田(JR陸羽東線/山形県) さかいだ
79%
飛田給(京王京王線/東京都) とびたきゅう
79%
金田(平成筑豊鉄道伊田線/福岡県) かなだ
77%
鎌田(伊予鉄道郡中線/愛媛県) かまた
77%
久下田(真岡鐵道真岡線/栃木県) くげた
77%
豊田市(名鉄三河線/愛知県) とよたし
77%
吉田(JR越後線/新潟県) よしだ
77%
羽後亀田(JR羽越本線/秋田県) うごかめだ
75%
沢田(JR石巻線/宮城県) さわだ
75%
新豊田(愛知環状鉄道線/愛知県) しんとよた
75%
東田(豊橋鉄道東田本線/愛知県) あずまだ
73%
貝田(JR東北本線/福島県) かいだ
73%
高田(JR和歌山線/奈良県) たかだ
73%
高田橋(名鉄各務原線/岐阜県) たかだばし
73%
富田(JR両毛線/栃木県) とみた
73%
市田(JR飯田線/長野県) いちだ
71%
亀田(JR信越本線/新潟県) かめだ
71%
上豊田(名鉄豊田線/愛知県) かみとよた
71%
喜久田(JR磐越西線/福島県) きくた
71%
鶴田(JR日光線/栃木県) つるた
71%
豊田町(JR東海道本線/静岡県) とよだちょう
71%
長津田(JR横浜線/神奈川県) ながつた
71%
水田(ことでん長尾線/香川県) みずた
71%
伊予富田(JR予讃線/愛媛県) いよとみた
69%
角田(阿武隈急行線/宮城県) かくだ
69%
笠田(JR和歌山線/和歌山県) かせだ
69%
雀田(JR小野田線/山口県) すずめだ
69%
紀伊井田(JR紀勢本線/三重県) きいいだ
67%
高田本山(近鉄名古屋線/三重県) たかだほんざん
67%
塚田(東武野田線/千葉県) つかだ
67%
津軽宮田(JR津軽線/青森県) つがるみやた
67%
豊田(JR中央本線/東京都) とよだ
67%
額田(近鉄奈良線/大阪府) ぬかた
67%
馬来田(JR久留里線/千葉県) まくた
67%
立田(土佐くろしお鉄道ごめん・なはり線/高知県) たてだ
65%
富田(JR関西本線/三重県) とみだ
65%
春田(JR関西本線/愛知県) はるた
65%
御代田(しなの鉄道しなの鉄道線/長野県) みよた
65%
陸奥柳田(JR五能線/青森県) むつやなぎた
65%
矢田(名鉄瀬戸線/愛知県) やだ
65%
谷田川(JR水郡線/福島県) やたがわ
65%
柳田(JR奥羽本線/秋田県) やなぎた
65%
植田(豊橋鉄道渥美線/愛知県) うえた
63%
岡田浦(南海南海本線/大阪府) おかだうら
63%
植田(名古屋市交鶴舞線/愛知県) うえだ
62%
新疋田(JR北陸本線/福井県) しんひきだ
62%
会津高田(JR只見線/福島県) あいづたかだ
60%
臼田(JR小海線/長野県) うすだ
60%
扇田(JR花輪線/秋田県) おうぎた
60%
中田(JR五能線/青森県) なかた
60%
宮田町(伊予鉄道大手町線/愛媛県) みやたちょう
60%
蓬田(JR津軽線/青森県) よもぎた
60%
岩村田(JR小海線/長野県) いわむらだ
58%
牛田(アストラムライン/広島県) うした
58%
郡山富田(JR磐越西線/福島県) こおりやまとみた
58%
讃岐財田(JR土讃線/香川県) さぬきさいだ
58%
矢田(近鉄南大阪線/大阪府) やた
58%
賀田(JR紀勢本線/三重県) かた
56%
高田(えちごトキめき鉄道妙高はねうまライン/新潟県) たかだ
56%
月田(JR姫新線/岡山県) つきだ
56%
額田(jR水郡線/茨城県) ぬかだ
56%
泉田(JR奥羽本線/山形県) いずみた
54%
牛田(名鉄名古屋本線/愛知県) うしだ
54%
島田(JR山陽本線/山口県) しまた
54%
鯰田(JR筑豊本線/福岡県) なまずた
54%
仁井田(JR土讃線/高知県) にいだ
54%
打田(JR和歌山線/和歌山県) うちた
52%
高田(横浜市交グリーンライン/神奈川県) たかた
52%
高田(甘木鉄道線/福岡県) たかた
52%
外城田(JR参宮線/三重県) ときだ
52%
豊田本町(名鉄常滑線/愛知県) とよだほんまち
52%
浦田(JR筑豊本線/福岡県) うらた
50%
小田林(JR水戸線/茨城県) おたばやし
50%
中田(横浜市交ブルーライン/神奈川県) なかだ
50%
紀伊有田(JR紀勢本線/和歌山県) きいありた
48%
塩田町(上田電鉄別所線) しおだまち
48%
仁井田(JR烏山線/栃木県) にいた
48%
二井田(阿武隈急行線/福島県) にいだ
48%
武蔵引田(JR五日市線/東京都) むさしひきだ
48%
佐味田川(近鉄田原本線/奈良県) さみたがわ
46%
館田(弘南鉄道弘南線/青森県) たちた
46%
近田(JR福塩線/広島県) ちかた
44%
要田(JR磐越東線/福島県) かなめた
42%
猿田(JR総武本線/千葉県) さるだ
42%
高田(ことでん長尾線/香川県) たかた
42%
吉田(近鉄けいはんな線/大阪府) よした
42%
金田一温泉(IGRいわて銀河鉄道線/岩手県) きんたいちおんせん
38%
東山田(横浜市交グリーンライン/神奈川県) ひがしやまた
38%
花田口(阪堺電気軌道阪堺線/大阪府) はなたぐち
35%
深田(JR予土線/愛媛県) ふかた
35%
浦田(水島臨海鉄道水島本線/岡山県) うらだ
31%
西田井(真岡鐵道真岡線/栃木県) にしだい
31%
陸奥鶴田(JR五能線/青森県) むつつるだ
29%
脇田(鹿児島市電谷山線/鹿児島県) わきだ
27%
No matching quizzes found
Score Distribution
Percent of People with Each Score
Percentile by Number Answered
Your Score History
You have not taken this quiz